书目信息 |
| 题名: |
刑法案例题解
|
|
| 作者: | 李卫红 主编 ;李卫红 撰 | |
| 分册: | ||
| 出版信息: | 北京 法律出版社 2004.02 |
|
| 页数: | 124页 | |
| 开本: | 26cm | |
| 丛书名: | 法律专业自学考试案例指导丛书 | |
| 单 册: | ||
| 中图分类: | D924.05 | |
| 科图分类: | ||
| 主题词: | 刑法--案例--分析--中国--高等教育--自学参考资料 | |
| 电子资源: | ||
| ISBN: | 7-5036-4701-9 | |
| 000 | 00936nam2 2200253 450 | |
| 001 | 0174707551 | |
| 005 | 20050822154704.59 | |
| 010 | @a7-5036-4701-9@d13.00CNY | |
| 100 | @a20050221d2004 km y0chiy0120 ea | |
| 101 | 0 | @achi |
| 102 | @aCN@b110000 | |
| 105 | @ay z 000yy | |
| 200 | 1 | @a刑法案例题解@Axing fa an li ti jie@f李卫红主编@Fli wei hong zhu bian@g李卫红 … [等] 撰搞@Gli wei hong…[deng]zhuan gao |
| 210 | @a北京@c法律出版社@d2004.02 | |
| 215 | @a124页@d26cm | |
| 225 | 2 | @a法律专业自学考试案例指导丛书 |
| 330 | @a本书案例来源于刑事司法实践部门真实判例及报刊杂志书籍或者网络方面大量的案例资料。并对各种刑事案例深入浅出逐项进行专题解析。 | |
| 410 | 0 | @12001 @a法律专业自学考试案例指导丛书 |
| 606 | 0 | @a刑法@x案例@x分析@y中国@x高等教育@j自学参考资料 |
| 690 | @aD924.05@v4 | |
| 701 | 0 | @a李卫红@Ali wei hong@4主编 |
| 702 | 0 | @a李卫红@Ali wei hong@4撰 |
| 801 | 0 | @aCN@bQSSK@c20050822 |
| 905 | @a10447@dD924.05@eL282 | |
| 刑法案例题解/李卫红主编/李卫红 … [等] 撰搞.-北京:法律出版社,2004.02 |
| 124页;26cm.-(法律专业自学考试案例指导丛书) |
| ISBN 7-5036-4701-9:13.00CNY |
| 本书案例来源于刑事司法实践部门真实判例及报刊杂志书籍或者网络方面大量的案例资料。并对各种刑事案例深入浅出逐项进行专题解析。 |
| ● |
| 相关链接 |
|
|
|
正题名:刑法案例题解
索取号:D924.05/L282
 
预约/预借
| 序号 | 登录号 | 条形码 | 馆藏地/架位号 | 状态 | 备注 |
| 1 | 528498 | 205284985 | 社科库509/509社科库 97排2列3层/ [索取号:D924.05/L282] | 在馆 | |
| 2 | 528499 | 205284994 | 社科库509/509社科库 97排2列3层/ [索取号:D924.05/L282] | 在馆 | |
| 3 | 528500 | 205285001 | 社科库509/509社科库 97排2列3层/ [索取号:D924.05/L282] | 在馆 |